000 00467nab a2200145Ia 4500
003 ES-SlBCS
005 20210601124308.0
008 140529s1979 xxu||||| |||| 00| 0 eng d
041 _aeng
100 1 _aStrike, Kenneth A.
_9139094
245 0 4 _aThe Role of Theories of Justice in Evaluation: Why a House is not a Home
_c Kenneth A. Strike
650 0 4 _aEvaluación
_9136975
773 0 _tEducational Theory
_gvol. 29, nº. 1, 1979, págs. 1-10
_wRev1399
942 _cAR
999 _c512470
_d512470